banner koha

Pecuaria de corte [Bovino; Bos taurus; Ovino; Ovis aries; Suino; Sus domesticus; Rio Grande do Sul; Brasil] (Registro n. 302826)

MARC details
000 -LÍDER
campo de controle de tamanho fixo 01511naa a22004577a 4500
001 - NÚMERO DE CONTROLE
campo de controle BR6009744
003 - IDENTIFICADOR DO NÚMERO DE CONTROLE
campo de controle BR-BrBNA
005 - DATA E HORÁRIO DA ÚLTIMA TRANSAÇÃO
campo de controle 20240918173106.0
007 - CAMPO FIXO DE DESCRIÇÃO FÍSICA--INFORMAÇÃO GERAL
campo de controle de tamanho fixo ta
008 - CAMPO DE DADOS FIXOS--INFORMAÇÃO GERAL
campo de controle de tamanho fixo 230509b bl.||||| |||| 00| 0 por d
040 ## - FONTE DA CATALOGAÇÃO
Instituição da catalogação original BR-BrBNA
Idioma da catalogação por
Instituição que transcreveu o registro Biblioteca Nacional de Agricultura
041 ## - CÓDIGO DE IDIOMA
Código do idioma do texto/trilha sonora ou título diferente (Pt)
072 ## - CÓDIGO DE CATEGORIA DE ASSUNTO
Código de Categoria de Assunto E15; L00
Código do objeto 5212
-- 5240
-- 5300
-- G514
090 ## - NÚMERO DE CHAMADA LOCAL
Número de chamada E15 BR6009744
100 1# - ENTRADA PRINCIPAL--NOME PESSOAL
Nome pessoal Milano, A.
100 1# - ENTRADA PRINCIPAL--NOME PESSOAL
Nome pessoal Damasceno, I.
100 1# - ENTRADA PRINCIPAL--NOME PESSOAL
Nome pessoal Mascarenhas, B.
100 1# - ENTRADA PRINCIPAL--NOME PESSOAL
Nome pessoal Rocha, A.C. da
100 1# - ENTRADA PRINCIPAL--NOME PESSOAL
Nome pessoal Biavaschi, W.H.
100 1# - ENTRADA PRINCIPAL--NOME PESSOAL
Nome pessoal Mies, A.
100 1# - ENTRADA PRINCIPAL--NOME PESSOAL
Nome pessoal Crocco, A.
100 1# - ENTRADA PRINCIPAL--NOME PESSOAL
Nome pessoal Mesquita, D.C.
100 1# - ENTRADA PRINCIPAL--NOME PESSOAL
Nome pessoal Brasiliense, A.
111 1# - ENTRADA PRINCIPAL--NOME DO EVENTO
Nome do evento ou lugar 1. Foro Agricola do Rio Grande do Sul
Local do evento Porto Alegre, RS (Brazil)
Data do evento ou assinatura do tratado 26 Sep 1960
245 1# - TÍTULO
Título Pecuaria de corte [Bovino; Bos taurus; Ovino; Ovis aries; Suino; Sus domesticus; Rio Grande do Sul; Brasil]
260 3# - PUBLICAÇÃO, DISTRIBUIÇÃO, ETC.
Local de publicação, distribuição, etc. Porto Alegre, RS (Brasil):
Data da publicação, distribuição, etc. 1960.
500 ## - NOTA GERAL
Nota geral Anais do 1. Foro Agricola do Rio Grande do Sul<br/>Porto Alegre, RS (Brasil): 1960. p. 167-178<br/>(BR6009744-AM)E15<br/>
650 ## - ASSUNTO--TERMO TÓPICO
Cabeçalho tópico ou nome geográfico Microeconomia
650 ## - ASSUNTO--TERMO TÓPICO
Cabeçalho tópico ou nome geográfico Producao animal
650 ## - ASSUNTO--TERMO TÓPICO
Cabeçalho tópico ou nome geográfico Bovino
650 ## - ASSUNTO--TERMO TÓPICO
Cabeçalho tópico ou nome geográfico Gado de corte
650 ## - ASSUNTO--TERMO TÓPICO
Cabeçalho tópico ou nome geográfico Ovino
650 ## - ASSUNTO--TERMO TÓPICO
Cabeçalho tópico ou nome geográfico Suino
650 ## - ASSUNTO--TERMO TÓPICO
Cabeçalho tópico ou nome geográfico Doenca animal
650 ## - ASSUNTO--TERMO TÓPICO
Cabeçalho tópico ou nome geográfico Melhoramento animal
650 ## - ASSUNTO--TERMO TÓPICO
Cabeçalho tópico ou nome geográfico Assistencia tecnica
650 ## - ASSUNTO--TERMO TÓPICO
Cabeçalho tópico ou nome geográfico Rio Grande do Sul
773 0# - ENTRADA ANALÍTICA
Título Anais do 1. Foro Agricola do Rio Grande do Sul
Número de controle do registro E15 BR6009744
Partes relacionadas Porto Alegre, RS (Brasil), 1960. p. 167-178
909 ## -
-- 202404
-- Lucia
-- 55
-- Lucia Elande
942 ## - ELEMENTOS DE ENTRADA ADICIONADOS (KOHA)
Tipo de material Koha Capítulo-Livro
Fonte da classificação ou esquema de arquivamento na estante Classificação AGRIS
Exemplares
Situação do descarte Fonte da classificação ou esquema de arquivamento na estante Situação física Não pode ser emprestado Coleção Biblioteca de origem Biblioteca atual Localização na estante Total de empréstimos Número de telefone completo Data de último acesso Número do exemplar Tipo de material Koha Situação das perdas Data de aquisição Fonte de aquisição
  Classificação AGRIS       Biblioteca Nacional de Agricultura - Binagri Biblioteca Nacional de Agricultura - Binagri Agrobase - Acervo Geral   A00 BR6002609 20/05/2024 01 Capítulo-Livro   2024-04-11 Portaria Interministerial nº 164/94

BINAGRI

Telefone: (61)3218-2567/2388/3357/2097 - binagri@agro.gov.br

Ministério da Agricultura e Pecuária , Esplanada dos Ministérios, Bloco D, Anexo B, Brasília/DF, CEP: 70.043-900